000 00614nam a2200241Ia 4500
001 25589
005 20240114000850.0
007 ta
008 060427s a g b000 u 465 u
040 _aCotton College,Assam
041 _a465
082 _a823
_bZ 82 M
100 _aZubryn, Eva Tay .
245 0 _aA Mexican Tragedy /
_cEva Tay Zubryn.
_hTextual Documents
250 _a1st ed. /
260 _aLondon :
_bPeter Owen Ltd. ,
_cnd.
300 _a188p. :
_bill ;
_c17cm .
653 _aEnglish Novel
653 _aG-English
942 _2ddc
_cBK
999 _c25571
_d25571